000
00294 a2200109 4500
001
ART_47358
005
20260410161744.0
008
260409a
245
1
0
_a
Trabajadores mineros
100
1
_a
Formaro, Juan J.
773
0
_t
Doctrina laboral
_g
- NÂș 311 (jul. 2011)
_w
REV4049
999
_c
19027
_d
19027